| 000 | 00542nam a22002057a 4500 | ||
|---|---|---|---|
| 003 | EC-GqESP | ||
| 005 | 20250529105922.0 | ||
| 008 | 250529b |||||||| |||| 00| 0 eng d | ||
| 020 | _a978-84-9964-869-9 | ||
| 041 | _aESP | ||
| 082 | _a621.389 | ||
| 100 | _aZafra, Julián | ||
| 245 | _aMezcla en el audio profesional: principios, técnicas y recursos: A think tank guide | ||
| 250 | _aS/E | ||
| 260 |
_aESPAÑA _bRA-MA EDITORIAL _c2019 |
||
| 300 |
_a397 p. _bIndice _c25x18 cm |
||
| 650 | _aMezcla | ||
| 650 | _aAudio | ||
| 942 | _c01 | ||
| 999 |
_c237968 _d237968 |
||